Journal of Business Venturing

Na minha lista:
Detalhes bibliográficos
Formato: Periódico
Idioma:inglês
Publicado em: New York Elsevier Science Publ.
Assuntos:
Tags: Adicionar Tag
Sem tags, seja o primeiro a adicionar uma tag!

MARC

LEADER 00000nas1a22000001 4500
001 s120817
005 20260303112709.3
022 |a 0883-9026 
022 |a 1873-2003 
041 0 |a eng 
044 |a US 
245 1 0 |a Journal of Business Venturing 
264 1 |a New York  |b Elsevier Science Publ. 
610 2 0 |a podnikanie 
610 2 0 |a obchod